Areas culturales o regiones históricas en la explicación de relaciones sociales de pueblos indígenas de Nicaragua y Costa Rica de los siglos XV y XVI /
Este artículo discute el interés de la investigación arqueológica y etnohistórica actual, de enfocar las relaciones sociales entre las sociedades de interés, en contraste con la utilidad de los modelos de áreas culturales y de regiones históricas, en su posibilidad explicativa; incluyendo la reflexi...
সংরক্ষণ করুন:
| প্রধান লেখক: | |
|---|---|
| অন্যান্য লেখক: | |
| বিন্যাস: | পাঠ্য |
| ভাষা: | Spanish |
| বিষয়গুলি: | |
| ট্যাগগুলো: |
ট্যাগ যুক্ত করুন
কোনো ট্যাগ নেই, প্রথমজন হিসাবে ট্যাগ করুন!
|
MARC
| LEADER | 00000 a a2200000 04500 | ||
|---|---|---|---|
| 003 | cru CRAI/IIS | ||
| 005 | 20210311062540.0 | ||
| 008 | 210310s2010 cr |||||r|||| 00| 0 spa d | ||
| 040 | |c cru CRAI/IIS | ||
| 100 | 1 | |a Ibarra Rojas, Eugenia |d 1949- |e Autora |9 9861 | |
| 245 | 1 | |a Areas culturales o regiones históricas en la explicación de relaciones sociales de pueblos indígenas de Nicaragua y Costa Rica de los siglos XV y XVI / |c Eugenia Ibarra Rojas, Silvia Salgado González | |
| 300 | |a páginas 37-60 | ||
| 520 | |a Este artículo discute el interés de la investigación arqueológica y etnohistórica actual, de enfocar las relaciones sociales entre las sociedades de interés, en contraste con la utilidad de los modelos de áreas culturales y de regiones históricas, en su posibilidad explicativa; incluyendo la reflexión sobre los límites de las áreas culturales y sus variaciones a la luz de procesos de cambio social. SJB/JUNIO2012 | ||
| 590 | |a SJB/JUNIO2012 | ||
| 650 | 4 | |a POBLACION INDIGENA |9 3737 | |
| 650 | 0 | |a RELACIONES SOCIALES |9 7012 | |
| 650 | 4 | |a RELACIONES CULTURALES |9 1946 | |
| 650 | 0 | |a ETNOGRAFIA |9 4615 | |
| 650 | 0 | |a ARQUEOLOGIA |9 5784 | |
| 650 | 0 | |a HISTORIA |9 136 | |
| 651 | 0 | |9 1861 |a NICARAGUA | |
| 651 | 0 | |9 32 |a COSTA RICA | |
| 700 | 1 | |a Salgado González, Silvia |e Autora |9 9862 | |
| 773 | 0 | |0 18765 |9 5234 |a Universidad de Costa Rica. |d San José, Costa Rica: Editorial Universidad de Costa Rica, 1974- |o 12541 |t Anuario de Estudios Centroamericanos / |x 03777316 | |
| 942 | |2 ddc |c PP | ||
| 999 | |c 43627 |d 43627 | ||
